| 000 | 00000nam 2200000zi 4500 |
| 001 | 9.931654 |
| 003 | CaOODSP |
| 005 | 20240214120006 |
| 006 | m o d f |
| 007 | cr mn||||||||| |
| 008 | 231220s2024 onca os f000 0 fre d |
| 020 | |a9780660693811 |
| 040 | |aCaOODSP|bfre|erda|cCaOODSP |
| 043 | |an-cn--- |
| 086 | 1 |aR122-54/1-2024F-PDF |
| 245 | 00|aSyphilis et communautés autochtones. |
| 264 | 1|a[Ottawa] : |bServices aux Autochtones Canada = Indigenous Services Canada, |c[2024]. |
| 300 | |a1 ressource en ligne (1 page non numérotée) : |billustrations |
| 336 | |atexte|btxt|2rdacontent/fre |
| 337 | |ainformatique|bc|2rdamedia/fre |
| 338 | |aressource en ligne|bcr|2rdacarrier/fre |
| 500 | |aTitre de la couverture. |
| 500 | |aPublié aussi en anglais sous le titre : Syphilis in Indigenous communities. |
| 520 | |a« Les taux de syphilis sont à la hausse au Canada, y compris dans les communautés autochtones. Les soins en matière de santé sexuelle et reproductive sont essentiels à votre bien-être global » -- Page [1]. |
| 650 | 6|aSyphilis|zCanada. |
| 650 | 6|aAutochtones|xSanté et hygiène|zCanada. |
| 710 | 1 |aCanada. |bServices aux Autochtones Canada, |eorganisme de publication. |
| 775 | 08|tSyphilis in Indigenous communities.|w(CaOODSP)9.931653 |
| 856 | 40|qPDF|s791 Ko|uhttps://publications.gc.ca/collections/collection_2024/sac-isc/R122-54-1-2024-fra.pdf |
| 856 | 4 |qHTML|sS.O.|uhttps://www.sac-isc.gc.ca/fra/1703103230228/1703103256402 |